Harry Potter Next-Gen - Statistics

General Stats
  • This quiz has been taken 17 times
  • The average score is 3 of 5
Answer Stats
Hint Answer % Correct
8 Draco And Astoria Malfoy Scorpius Malfoy
85%
5 Harry and Ginevra Potter James Potter
77%
1 William and Fleur Weasley Victoire Weasley
69%
4 Ronald and Hermione Granger-Weasley Rose Granger-Weasley
62%
6 Remus and Nymphadora Lupin Edward Lupin
54%
No matching quizzes found
Score Distribution
Percent of People with Each Score
Percentile by Number Answered
Your Score History
You have not taken this quiz